|
|
|
|
| LEADER |
00767nam a22002052a 4500 |
| 001 |
000444251 |
| 003 |
CZ BrMZK |
| 005 |
20080422091601.0 |
| 008 |
990305s1930 xr f cze d |
| 040 |
|
|
|a BOA001
|b cze
|
| 100 |
1 |
|
|a Zeman, Josef,
|d 1867-1961
|7 jk01152472
|
| 245 |
1 |
0 |
|a Svět nevidomých /
|c Josef Zeman
|
| 260 |
|
|
|a Praha :
|b typ. E. Grégr a syn,
|c 1930
|
| 300 |
|
|
|a 244 s.
|
| 490 |
1 |
|
|a Přednášky a rozpravy paedagogické ;
|v sv. 39
|
| 830 |
|
0 |
|a Přednášky a rozpravy paedagogické
|
| 910 |
|
|
|a BOA001
|b 00379-0028.726,39
|
| 990 |
|
|
|a BK
|
| 996 |
7 |
|
|b 2619711346
|c 00379-0028.726,39
|l MZK
|r Sklad / do 1 hodiny
|n 14
|w 000444251
|u 000020
|a 1
|e BOA001
|j MZK50
|s A
|
| 996 |
7 |
|
|b 2619765274
|c 00379-0028.726,39
|l MZK
|r Sklad / do 1 hodiny
|n 4
|w 000444251
|u 000010
|a 1
|e BOA001
|j MZK50
|s A
|